00650 2200229 4500001002100000005001700021008004100038035002400079090001300103245008100116250001100197260004100208300002400249500005000273650001300323700001300336700002200349850001500371980001300386985000600399999001500405YOGYA-0209000003057120090227024504.0 ind  0010-020900000030571 a100bPen aPENGANTAR filsafat ilmucBeerling ...[et.al]; alih bahasa Soeyono Soemargono aCet. 3 aYogyakartabTiara Wacana Yogyac1990 axii, 166 hlmc21 cm aJudul asli : Inleiding tot de wetenschapsleer aFilsafat aBeerling aSumargono, Suyono aYOPDYOG(B) a19-07-06 a1 a94P0052001